000 00443nam a2200181Ia 4500
005 20250423095450.0
008 250422s9999 xx 000 0 und d
020 _a9789789322237
050 _aTN 870 .A34/
100 _aAdeniran, G.
245 0 _aFundamentals of oil and gas operations
260 _aLagos
260 _bSea Level Associates
260 _c2013
300 _a216 p
650 _aPetroleum engineering.
942 _cBK
999 _c30356
_d30356